000 00747nam a22002177a 4500
003 UA-OsUOA
001 84424
007 ta
008 20120601b un ||||| |||| 00| 0 ukr d
100 _aВидайчук Т.
090 _a81
_bВ42
942 _cSA
040 _aUA-OsUOA
_bukr
_cUA-OsUOA
_dUA-OsUOA
245 _aВитоки формуваня правописної компетентції та українського правопису
300 _aС.57-60
955 _a0
041 _aukr
080 _a81
773 0 _w84421
_tУкраїнська мова і література в школі
_dК.
_d2012
_g3
650 7 _a8 Мовознавство. Художня література. Літературознавство
_2UDC
999 _c370738
_d370738